000 00489 a2200169 4500
005 20250626142224.0
020 _a0-13-170069-3
082 _a747.94068 WOO
100 _aWOOD, H . R
245 _aProfessional Front Office Management
260 _aNew Jersey
_bPEARSON Prentice Hall
_c2006.
300 _axxvii,676p.: ill.; figures, tables, pictures
_bIndex, Glossary
_c26cm
700 _aJack D. Ninemeier
700 _aDavid K. Hayes
700 _aMichele A. Austin
942 _2ddc
_cBKS
999 _c5391
_d5391